000 00722nam a2200229Ia 4500
003 OSt
005 20251001145313.0
008 220923b |||||||| |||| 00| 0 eng d
037 _cReference
040 _aRTL
_cRTL
_beng
041 _2eng
_aeng
084 _aR3M3, L3/SC
_qRTL
100 _aAdorno Theodor W.
_9847121
245 0 _aJargon of authenticity.
260 _aLondon
_bRoutledge & Kegan Paul UK
_c1973
300 _axxii, 165 p.
_ccm.
_bIncludes bibliographical references and index.
650 _aMetaphysics
_913358
700 _aTarnowski Knut
_eTranslator
_9847122
700 _aWill Frederic
_eTranslator
_9847123
942 _hR3M3, L3/SC
_cREF
_2CC
_n0
999 _c581586
_d581586